On-site non-mechanical jointing of piled textile reinforced rubber conveyor belting-Code of practice. Part 2. Cold vulcanizing. (Record no. 73553)

MARC details
000 -LEADER
fixed length control field 00407nam a2200121Ia 4500
245 #0 - TITLE STATEMENT
Title On-site non-mechanical jointing of piled textile reinforced rubber conveyor belting-Code of practice. Part 2. Cold vulcanizing.
260 ## - PUBLICATION, DISTRIBUTION, ETC. (IMPRINT)
Year of publication 2001
500 ## - GENERAL NOTE
General note Standard number: IS 14206 Part 2
650 ## - SUBJECT ADDED ENTRY--TOPICAL TERM
Topical Term Cold vulcanizing
650 ## - SUBJECT ADDED ENTRY--TOPICAL TERM
Topical Term Conveyor belting
942 ## - ADDED ENTRY ELEMENTS (KOHA)
Koha item type Standards
Holdings
Withdrawn status Lost status Damaged status Not for loan Collection code Home library Current library Date acquired Koha item type
      Standards Indian standards RRII Library RRII Library 31/12/2021 Standards